000 00880cam a22002897a 4500
003 CHAP
005 20220329134502.0
008 971013s1894 r 00010 d
010 _a21072
011 _a22044
035 _a26136
040 _cCHAP
082 _a595.75
_bM4
100 0 0 _aArtigas y Teixidor, Primitivo.
_97770
245 1 3 _aEl alcornoque y la industria taponera
260 _aMéxico, D.F. :
_bSecretaría de Fomento,
_c1894
300 _a131 p
500 _aEncuadernado con: Trabajos de la Secretaría de Fomento sobre el axe
590 _aBATCH-UPD
_b10
_c20130110
_lUCH01
_h0251
590 _aBATCH-UPD
_b10
_c20130110
_lUCH01
_h1424
590 _aCONVERSION
_b10
_c20130109
_lUCH01
_h1313
650 1 4 _aAlcornoque.
_93663
650 1 4 _aCorcho.
_927934
901 _aBK
942 _cLIBRO
949 _a595.75 M4
_bBC
_cLIBRO
_d-60345
_eLIBRO
_h27081
_i26136
_si
999 _c21072
_d21072